[Event "Wch U18"]
[Site "Mumbai"]
[Date "2019.10.07"]
[Round "7"]
[White "Sibi Visal, R."]
[Black "Blohberger, Felix"]
[Result "0-1"]
[WhiteElo "2064"]
[BlackElo "2448"]
[PlyCount "58"]
[EventDate "2019.10.02"]
[EventType "swiss"]
[EventRounds "11"]
[EventCountry "IND"]
[SourceTitle "EXT 2020"]
[Source "ChessBase"]
[SourceDate "2019.10.17"]
[SourceVersion "1"]
[SourceVersionDate "2019.10.17"]
[SourceQuality "1"]

1. c4 e5 2. Nc3 Bb4 3. Nf3 Bxc3 4. dxc3 d6 5. e4 Nf6 6. Bg5 h6 7. Bxf6 Qxf6 8. g3 Bg4 9. Bg2 Nd7 10. h3 Bxf3 11. Bxf3 Nc5 12. 0-0 g6 13. Bg2 h5 14. f4 h4 15. b4 Nd7 16. Qd5 c6 17. Qd3 hxg3 18. f5 0-0-0 19. a4 g5 20. Qxg3 g4 21. hxg4 Qg5 22. Ra2 Rh4 23. Bf3 Rdh8 24. Re1 Rh3 25. Qf2 Qf4 26. Bg2 Qxg4 27. Qd2 Rh1+ 28. Kf2 Qxg2+ 29. Kxg2 R8h2+ 0-1

[Event "Wch U18"]
[Site "Mumbai"]
[Date "2019.10.04"]
[Round "4"]
[White "Manu David, Suthandram R"]
[Black "Sibi Visal, R."]
[Result "1/2-1/2"]
[WhiteElo "2403"]
[BlackElo "2064"]
[PlyCount "74"]
[EventDate "2019.10.02"]
[EventType "swiss"]
[EventRounds "11"]
[EventCountry "IND"]
[SourceTitle "EXT 2020"]
[Source "ChessBase"]
[SourceDate "2019.10.17"]
[SourceVersion "1"]
[SourceVersionDate "2019.10.17"]
[SourceQuality "1"]

1. b3 d5 2. Bb2 Nf6 3. e3 Bf5 4. Nf3 e6 5. Be2 Be7 6. 0-0 h6 7. d3 0-0 8. Nbd2 c5 9. Ne5 Nfd7 10. e4 Bh7 11. Nxd7 Nxd7 12. Qc1 Qc7 13. f4 c4 14. bxc4 dxe4 15. Nxe4 Bxe4 16. dxe4 Nb6 17. Kh1 Nxc4 18. Bd4 e5 19. fxe5 Nxe5 20. Qb2 Bf6 21. Rab1 b6 22. a4 Rad8 23. c3 Nd7 24. a5 Be5 25. axb6 Nxb6 26. Bxb6 axb6 27. Qxb6 Bxh2 28. Qxc7 Bxc7 29. Rb7 Be5 30. Bc4 Bxc3 31. Rbxf7 Rxf7 32. Bxf7+ Kh7 33. Kh2 Be5+ 34. Kh3 Rd4 35. Be6 h5 36. Rf5 Rd3+ 37. g3 Rxg3+ 1/2-1/2

[Event "Wch U18"]
[Site "Mumbai"]
[Date "2019.10.03"]
[Round "3"]
[White "Sibi Visal, R."]
[Black "Arjun, Kalyan"]
[Result "0-1"]
[WhiteElo "2064"]
[BlackElo "2483"]
[PlyCount "154"]
[EventDate "2019.10.02"]
[EventType "swiss"]
[EventRounds "11"]
[EventCountry "IND"]
[SourceTitle "EXT 2020"]
[Source "ChessBase"]
[SourceDate "2019.10.17"]
[SourceVersion "1"]
[SourceVersionDate "2019.10.17"]
[SourceQuality "1"]

1. c4 c6 2. Nf3 d5 3. d4 Nf6 4. Qc2 dxc4 5. Qxc4 e6 6. g3 b5 7. Qd3 Bb7 8. Bg2 Nbd7 9. 0-0 a6 10. a4 c5 11. axb5 Be4 12. Qd1 axb5 13. Rxa8 Qxa8 14. Nbd2 Bd5 15. dxc5 Nxc5 16. Ne1 Be7 17. Bxd5 Qxd5 18. Nc2 0-0 19. Nf3 Qb7 20. Be3 Rd8 21. Qb1 Nd5 22. Rd1 Rc8 23. Bxc5 Bxc5 24. Ncd4 Qb6 25. e3 g6 26. Qe4 Nf6 27. Qe5 Nd7 28. Qe4 Be7 29. Ne5 Nxe5 30. Qxe5 Rc5 31. Qe4 Bf6 32. Ra1 Rd5 33. Nf3 Qc6 34. Qf4 Kg7 35. e4 Rd3 36. Rc1 Qb6 37. Rc8 Rd8 38. Rxd8 Qxd8 39. e5 Be7 40. h4 h6 41. h5 gxh5 42. Qe4 Qd1+ 43. Kg2 Qb3 44. Qd4 Qc2 45. Ne1 Qc6+ 46. Kf1 Bc5 47. Qh4 Qd5 48. Qxh5 Bd4 49. Qg4+ Kf8 50. Nd3 Bxe5 51. Nxe5 Qxe5 52. Qb4+ Ke8 53. b3 h5 54. Qd2 Qe4 55. b4 h4 56. gxh4 Qxh4 57. Qd6 Qc4+ 58. Kg1 Qd5 59. Qb8+ Ke7 60. Qc7+ Kf6 61. Qf4+ Kg6 62. Kf1 Qd3+ 63. Kg1 f6 64. Qc1 Qd5 65. Qc3 e5 66. Qg3+ Kf7 67. Qc3 Qc4 68. Qa3 Qg4+ 69. Kf1 Qd1+ 70. Kg2 Qd5+ 71. Kg1 e4 72. Qa7+ Kg6 73. Qe7 Kf5 74. Kf1 Qc6 75. Kg1 Kf4 76. Qe5+ Kxe5 77. Kg2 e3+ 0-1

[Event "Udaipur Lakecity op 1st"]
[Site "Udaipur"]
[Date "2019.09.17"]
[Round "7"]
[White "Sibi Visal, R."]
[Black "Lugovskoy, Maxim"]
[Result "0-1"]
[WhiteElo "2022"]
[BlackElo "2422"]
[PlyCount "91"]
[EventDate "2019.09.13"]
[EventType "swiss"]
[EventRounds "10"]
[EventCountry "IND"]
[SourceTitle "EXT 2020"]
[Source "ChessBase"]
[SourceDate "2019.10.17"]
[SourceVersion "1"]
[SourceVersionDate "2019.10.17"]
[SourceQuality "1"]

1. c4 e6 2. Nf3 d5 3. g3 Nf6 4. Bg2 d4 5. d3 c5 6. 0-0 Nc6 7. a3 a5 8. Nbd2 e5 9. Ne1 Bd6 10. Nc2 0-0 11. Rb1 Bg4 12. Ne4 Nxe4 13. Bxe4 Bh3 14. Re1 f5 15. Bd5+ Kh8 16. Bd2 Qf6 17. b4 axb4 18. axb4 f4 19. Bf3 e4 20. dxe4 d3 21. exd3 fxg3 22. hxg3 Qxf3 23. Qxf3 Rxf3 24. bxc5 Rxd3 25. Be3 Bf8 26. Nb4 Nxb4 27. Rxb4 Rc3 28. Reb1 Kg8 29. Rxb7 Rxc4 30. Rb8 Rxb8 31. Rxb8 Rxe4 32. Bf4 Bd7 33. Bd6 Re8 34. Rxe8 Bxe8 35. Bxf8 Kxf8 36. f4 Ke7 37. Kf2 Ke6 38. Kf3 Bc6+ 39. Kg4 Kf6 40. Kh4 Kf5 41. Kh3 h5 42. Kh4 g6 43. Kh3 Bd7 44. Kh4 Kf6 45. g4 Bxg4 46. c6 0-1

[Event "Udaipur Lakecity blitz op 1st"]
[Site "Udaipur"]
[Date "2019.09.16"]
[Round "3"]
[White "Sibi Visal, R."]
[Black "Laxman, Rajaram"]
[Result "0-1"]
[WhiteElo "1963"]
[BlackElo "2468"]
[PlyCount "71"]
[EventDate "2019.09.16"]
[EventType "swiss (blitz)"]
[EventRounds "9"]
[EventCountry "IND"]
[SourceTitle "EXT 2020"]
[Source "ChessBase"]
[SourceDate "2019.10.17"]
[SourceVersion "1"]
[SourceVersionDate "2019.10.17"]
[SourceQuality "1"]

1. c4 e5 2. Nc3 Bb4 3. Nd5 a5 4. a3 Be7 5. d3 c6 6. Nc3 d5 7. cxd5 cxd5 8. d4 e4 9. Bf4 Nf6 10. e3 0-0 11. Nge2 Bg4 12. Bg5 Nbd7 13. Bxf6 Nxf6 14. Qb3 Be6 15. Nf4 Rb8 16. Be2 Bd6 17. g3 Qd7 18. h4 Bxf4 19. gxf4 Rfd8 20. Qb5 Qxb5 21. Bxb5 Bg4 22. Rg1 h5 23. a4 Kf8 24. Be2 Rbc8 25. Kd2 Bxe2 26. Kxe2 Rc4 27. Rg5 g6 28. f5 Nh7 29. Rgg1 gxf5 30. Rg2 Ke7 31. Rg7 Nf6 32. Rg5 Ke6 33. Rag1 Rdc8 34. f3 Rb4 35. Rb1 Rxc3 36. Ke1 0-1

[Event "Udaipur Lakecity rapid op 1st"]
[Site "Udaipur"]
[Date "2019.09.15"]
[Round "8"]
[White "Sibi Visal, R."]
[Black "Das, Sayantan"]
[Result "0-1"]
[WhiteElo "2022"]
[BlackElo "2434"]
[PlyCount "95"]
[EventDate "2019.09.14"]
[EventType "swiss (rapid)"]
[EventRounds "9"]
[EventCountry "IND"]
[SourceTitle "EXT 2020"]
[Source "ChessBase"]
[SourceDate "2019.10.17"]
[SourceVersion "1"]
[SourceVersionDate "2019.10.17"]
[SourceQuality "1"]

1. c4 c5 2. Nc3 Nc6 3. g3 g6 4. Bg2 Bg7 5. a3 d6 6. Rb1 e6 7. b4 Nge7 8. bxc5 dxc5 9. Bb2 0-0 10. Nf3 b6 11. 0-0 Qd7 12. d3 Bb7 13. Qc2 Rad8 14. Ne4 e5 15. Bc3 f5 16. Ned2 Nd4 17. Bxd4 exd4 18. Qb2 Bc6 19. Ne1 Rde8 20. Nb3 f4 21. Nd2 Bxg2 22. Kxg2 Rf5 23. Nef3 Rh5 24. h4 fxg3 25. fxg3 Nf5 26. Rf2 Ne3+ 27. Kg1 Qh3 28. Nf1 Nxf1 29. Rbxf1 Bh6 30. Rg2 Be3+ 31. Rff2 Rf5 32. Qb5 Rff8 33. Qc6 Qf5 34. Kh2 Bxf2 35. Rxf2 Qe6 36. Qa4 Qe7 37. Kg2 Qc7 38. Qd1 Re3 39. Qf1 Rfe8 40. Qd1 a6 41. Qc2 Qc6 42. a4 h6 43. Qb2 g5 44. hxg5 hxg5 45. Kg1 g4 46. Nh4 Rxg3+ 47. Ng2 Qg6 48. Qb1 0-1

[Event "Madurai Athens of the East op 1st"]
[Site "Madurai"]
[Date "2019.08.17"]
[Round "9"]
[White "Sibi Visal, R."]
[Black "Saravana, Krishnan P"]
[Result "0-1"]
[WhiteElo "2118"]
[BlackElo "2329"]
[PlyCount "94"]
[EventDate "2019.08.11"]
[EventType "swiss"]
[EventRounds "10"]
[EventCountry "IND"]
[SourceTitle "CBM 191 Extra"]
[Source "ChessBase"]
[SourceDate "2019.09.30"]
[SourceVersion "1"]
[SourceVersionDate "2019.09.30"]
[SourceQuality "1"]

1. Nf3 Nf6 2. c4 c6 3. d4 d5 4. Nc3 dxc4 5. a4 Bf5 6. e3 e6 7. Bxc4 Bb4 8. 0-0 Nbd7 9. Bd3 Bxd3 10. Qxd3 0-0 11. e4 Bxc3 12. bxc3 Nc5 13. Qb1 Ncxe4 14. Ba3 Nd6 15. Bxd6 Qxd6 16. Qxb7 c5 17. Qb5 Rfc8 18. Qd3 Rc7 19. Rfd1 Rac8 20. h3 g6 21. Rab1 cxd4 22. cxd4 Nd5 23. Ng5 Rc3 24. Ne4 Rxd3 25. Nxd6 Rxd1+ 26. Rxd1 Rc6 27. Ne4 Rc4 28. a5 Ra4 29. Rb1 Rxd4 30. Rb8+ Kg7 31. Ng5 h6 32. Nf3 Rb4 33. Ra8 Rb7 34. Nd4 Nb4 35. Rc8 e5 36. Nc6 Nd3 37. Rd8 e4 38. a6 Rb6 39. Nxa7 Rxa6 40. Nb5 Ra1+ 41. Kh2 Nxf2 42. Kg3 Nd3 43. Rd7 Kf6 44. Nc3 Ke6 45. Rb7 Ra3 46. Rb6+ Ke5 47. Ne2 Nf4+ 0-1

[Event "Bhopal op"]
[Site "Bhopal"]
[Date "2018.12.22"]
[Round "3"]
[White "Sibi Visal, R."]
[Black "Khusenkhojaev, Muhammad"]
[Result "1/2-1/2"]
[WhiteElo "1884"]
[BlackElo "2455"]
[PlyCount "188"]
[EventDate "2018.12.21"]
[EventType "swiss"]
[EventRounds "10"]
[EventCountry "IND"]
[SourceTitle "CBM 188 Extra"]
[Source "ChessBase"]
[SourceDate "2019.02.28"]
[SourceVersion "1"]
[SourceVersionDate "2019.02.28"]
[SourceQuality "1"]

1. Nf3 Nf6 2. g3 b6 3. Bg2 Bb7 4. 0-0 g6 5. c4 Bg7 6. Nc3 Ne4 7. Nxe4 Bxe4 8. d3 Bb7 9. Rb1 0-0 10. b4 a5 11. a3 d6 12. Qc2 Nd7 13. Be3 axb4 14. axb4 Ra3 15. Bc1 Ra8 16. Be3 Nf6 17. Rfc1 e5 18. Bg5 h6 19. Bxf6 Qxf6 20. Nd2 Bxg2 21. Kxg2 Qe6 22. e4 h5 23. Ra1 Bh6 24. Re1 h4 25. h3 Rxa1 26. Rxa1 Bxd2 27. Qxd2 f5 28. exf5 Qxf5 29. Qe3 hxg3 30. Qxg3 Kg7 31. Re1 Qh5 32. Re4 Qf5 33. b5 Qe6 34. Rh4 Qe7 35. Rg4 Qe8 36. Rh4 Qa8+ 37. Kg1 Qa1+ 38. Kg2 Qa8+ 39. Kg1 Rf5 40. Qe3 Kf6 41. Qh6 Qa1+ 42. Kg2 Qa8+ 43. Kg1 Qg8 44. Rg4 Qg7 45. Qh4+ Ke6 46. Qg3 Kf7 47. Qe3 Qh8 48. Qg3 Qh6 49. Kg2 Kg7 50. Qe3 Qxe3 51. fxe3 Kf6 52. e4 Rh5 53. Rg3 Rh8 54. Rf3+ Kg7 55. Kg3 Ra8 56. Kf2 Ra2+ 57. Kg3 Rd2 58. Kg4 Rd1 59. Kg3 Rd2 60. Kg4 Rg2+ 61. Rg3 Rf2 62. Rf3 Rd2 63. Kg3 Kh6 64. Kg4 Rd1 65. Rg3 Rd2 66. Rf3 Kg7 67. Kg3 Ra2 68. Kg4 Ra8 69. Kg5 Ra1 70. Kg4 Kh6 71. Rg3 Rb1 72. Rf3 Kg7 73. Rg3 Re1 74. Rf3 Kh6 75. Rg3 d5 76. exd5 e4 77. Kf4 exd3 78. Rxd3 Kh5 79. Re3 Rc1 80. Re4 Kh4 81. Ke5+ Kxh3 82. d6 cxd6+ 83. Kxd6 Rf1 84. Kc7 Rf6 85. c5 bxc5 86. b6 g5 87. b7 Rf7+ 88. Kc6 Rxb7 89. Kxb7 g4 90. Kc6 g3 91. Kxc5 g2 92. Re1 Kh2 93. Kd4 g1Q+ 94. Rxg1 Kxg1 1/2-1/2

[Event "Gujarat op 1st"]
[Site "Ahmedabad"]
[Date "2018.10.05"]
[Round "1"]
[White "Vignesh, NR."]
[Black "Sibi Visal, R."]
[Result "1-0"]
[WhiteElo "2447"]
[BlackElo "1931"]
[PlyCount "53"]
[EventDate "2018.10.05"]
[EventType "swiss"]
[EventRounds "10"]
[EventCountry "IND"]
[SourceTitle "CBM 186 Extra"]
[Source "ChessBase"]
[SourceDate "2018.08.24"]
[SourceVersion "1"]
[SourceVersionDate "2018.08.24"]
[SourceQuality "1"]

1. Nf3 Nf6 2. Ng1 Ng8 3. e4 c5 4. Nf3 d6 5. d4 cxd4 6. Nxd4 Nf6 7. Nc3 e6 8. f4 Be7 9. Bd3 0-0 10. Nf3 Nc6 11. 0-0 a6 12. Kh1 Qc7 13. Qe1 b5 14. e5 dxe5 15. fxe5 Nd7 16. Qg3 Bb7 17. Bh6 g6 18. Bxf8 Rxf8 19. Rae1 b4 20. Ne4 Nc5 21. Nxc5 Bxc5 22. Ng5 Be7 23. Nxh7 Kxh7 24. Rxf7+ Rxf7 25. Qxg6+ Kh8 26. Qxf7 Bd6 27. Qh5+ 1-0

[Event "Commonwealth-ch U16"]
[Site "New Delhi"]
[Date "2018.06.27"]
[Round "2"]
[White "Koustav, Chatterjee"]
[Black "Sibi Visal, R."]
[Result "1/2-1/2"]
[WhiteElo "2365"]
[BlackElo "1879"]
[PlyCount "144"]
[EventDate "2018.06.26"]
[EventType "swiss"]
[EventRounds "7"]
[EventCountry "IND"]
[SourceTitle "EXT 2019"]
[Source "ChessBase"]
[SourceDate "2018.10.10"]
[SourceVersion "1"]
[SourceVersionDate "2018.10.10"]
[SourceQuality "1"]

1. b3 c5 2. Bb2 Nc6 3. Nf3 d5 4. e3 e6 5. Be2 Nf6 6. 0-0 Be7 7. d3 0-0 8. Nbd2 b5 9. a3 a5 10. d4 Ba6 11. dxc5 Bxc5 12. Bd3 b4 13. Bxa6 Rxa6 14. Qe2 Ra8 15. axb4 Nxb4 16. Rfd1 Be7 17. c4 Qb6 18. cxd5 Nbxd5 19. Nd4 Bb4 20. Nc4 Qb7 21. Rac1 Rac8 22. Nc2 Bc3 23. Ba3 Rfd8 24. Rb1 Bb4 25. Bb2 Bc3 26. Bc1 Bb4 27. Bb2 Bc3 28. Ba3 Bb4 29. Qd3 h6 30. Bb2 Be7 31. Qe2 Ne4 32. Qg4 Ndc3 33. Rxd8+ Rxd8 34. Nxa5 Qb5 35. Bxc3 Nxc3 36. Ra1 Ne2+ 37. Kh1 Bf6 38. Re1 Qxa5 39. b4 Qa2 40. Qxe2 Rc8 41. Nd4 Qxe2 42. Nxe2 Rc2 43. Nf4 Bc3 44. Rb1 Bxb4 45. g3 Bd6 46. Nd3 Rd2 47. Rb3 g5 48. Kg2 Kg7 49. Ne1 g4 50. Rc3 Rd1 51. Nd3 Rd2 52. h3 h5 53. hxg4 hxg4 54. Nc1 Rb2 55. Rc4 Rb4 56. Rc6 Be7 57. Nd3 Rb5 58. Rc4 f5 59. Rc6 Kf7 60. Nf4 Re5 61. Kf1 Re4 62. Ke2 Bg5 63. Nd3 Be7 64. Nf4 Bg5 65. Rc7+ Be7 66. Kd3 Ra4 67. Rc6 Ra2 68. Nxe6 Rxf2 69. Nd4 Bf6 70. Rc7+ Kg6 71. Ne2 Be5 72. Rc6+ Kf7 1/2-1/2

[Event "IND-ch U17"]
[Site "Saravanampatty"]
[Date "2017.10.26"]
[Round "4"]
[White "Sibi Visal, R."]
[Black "Srihari, Lakshmi"]
[Result "1-0"]
[WhiteElo "1848"]
[BlackElo "1964"]
[PlyCount "117"]
[EventDate "2017.10.24"]
[EventType "swiss"]
[EventRounds "11"]
[EventCountry "IND"]
[SourceTitle "CBM 181 Extra"]
[Source "ChessBase"]
[SourceDate "2017.12.12"]
[SourceVersion "1"]
[SourceVersionDate "2017.12.12"]
[SourceQuality "1"]

1. c4 Nf6 2. Nc3 g6 3. g3 Bg7 4. Bg2 0-0 5. Nf3 d6 6. 0-0 Nbd7 7. Rb1 e5 8. d3 a5 9. a3 Nc5 10. b4 axb4 11. axb4 Ne6 12. Qc2 c6 13. b5 Bd7 14. bxc6 Bxc6 15. Be3 Nd7 16. Nd5 Ndc5 17. Bxc5 Nxc5 18. Nd2 f5 19. Nc3 Ne6 20. Bd5 Qd7 21. Nf3 Kh8 22. Rb4 Ra3 23. Nb5 Ra5 24. Rfb1 Nc5 25. Nc3 h6 26. Bxc6 bxc6 27. Na4 Rxa4 28. Rxa4 Nxa4 29. Qxa4 e4 30. Nh4 Kh7 31. Rb6 g5 32. Ng2 exd3 33. exd3 Rc8 34. Ra6 Rb8 35. Ne3 f4 36. Ra7 Rb1+ 37. Kg2 Qe6 38. Qc2 Rb8 39. d4+ Kh8 40. Nf5 Rg8 41. Re7 Qg6 42. Qe4 fxg3 43. hxg3 Rf8 44. g4 Rf7 45. Rxf7 Qxf7 46. Nxd6 Qd7 47. c5 Kg8 48. d5 cxd5 49. Qxd5+ Kh7 50. Qe4+ Kg8 51. Qe8+ Qxe8 52. Nxe8 Be5 53. c6 Kf7 54. c7 Bxc7 55. Nxc7 Kg6 56. Kf3 h5 57. gxh5+ Kxh5 58. Ne6 Kh4 59. Nxg5 1-0